CLASSIFICATION and mapping of vegetation types in tropical Asia

Bibliographic Details
Corporate Author: Food and Agriculture Organization of the United Nations (FAO)
Format: Book
Published: Rome : Food and Agriculture Organization of the United Nations , 1989
Subjects:

MARC

LEADER 00000cam a2200000 7i4500
001 0000001516
005 20010726.0
090 0 0 |a FAO 581.95   |b CLA 1989 
245 0 0 |a CLASSIFICATION and mapping of vegetation types in tropical Asia 
260 0 0 |a Rome :   |b Food and Agriculture Organization of the United Nations ,   |c 1989 
300 |a viii, 169 p. :   |b ill, maps ;   |c 30 cm. 
500 0 0 |a Bibliography : p. 157-169 
650 0 0 |a Plant ecology   |z Asia 
650 0 0 |a Vegetation classification   |z Asia 
710 1 1 |a Food and Agriculture Organization of the United Nations (FAO) 
998 |a JPSM 
999 |a 0000003927   |b Monograph   |c Open Shelf   |e Default branch 
999 |a 0000004043   |b Monograph   |c Open Shelf   |e Default branch